000 00859nam a2200277Ia 4500
001 Para_3305
003 CHAP
008 220125s9999 xx 000 0 und d
010 _a199594
040 _cCHAP
082 _aPA-C 595.77 D5
100 _aAllen, Harry W
_94395
245 _aNorth american species of two-winged flies belonging to the tribe Miltogramminí /
_c by Harry Allen
260 _a:
_b
440 _aDiptera ; 6
_9164822
500 _aSobretiro de: Proceedings U. S. National Museum 68 (2610): 1-106. Encuadernado con otros impresos similares
650 _aDípteros
_933715
650 _aMiltogrammini
_975886
901 _aPA-C 595.77 D5
902 _aA
905 _a000000 0000000000 00
910 _a
942 _cPARA
942 _cPARA
_d1
999 _c199594
_d199594